000 00815cam a2200193 4500
001 WB3746-12
008 011206n2001 000 0 eng u
035 _a(Sirsi) u115900
245 _aCompensation and asbestos disease
260 _c2001
490 _aDTLR News Release
_v (513) 30 November 2001, (2)
520 _aPayments under the Pneumoconiosis etc (Workers' Compensation) Act 1979 which compensates sufferers of asbestos and some other types of dust related diseases are to be increased in line with inflation. Anyone who may be eligible for payment under the act should contact the DTLR on 0800 279 2322.
590 _aWB
650 _aMANAGEMENT-HEALTH AND SAFETY-HAZARDOUS SUBSTANCES-ASBESTOS
650 _aCOMPENSATION
650 _aINJURIES
690 _aHEALTH AND SAFETY
_96244
942 _n0
999 _c69045
_d69045